Statystyki dla Nazwij kocie flagi

Kliknij tutaj aby rozwiązać quiz!

Ogólne statystyki

  • Ten quiz został rozwiązany 36 razy
  • Średni wynik to 9 z 12

Statystyki odpowiedzi

Odpowiedź% Poprawnych
Cypr
97%
Japonia
97%
San Marino
97%
Liechtenstein
88%
Sri Lanka
85%
Walia
85%
Bangladesz
82%
Uganda
76%
Bhutan
70%
Dominika
61%
Kiribati
58%
Antigua i Barbuda
48%

Rozkład punktacji

Percentyl według liczby udzielonych odpowiedzi

Procent ludzi z każdym wynikiem

Twoja historia wyników

Nie rozwiązałeś tego quizu